Elektronický záznam nehody je realitou

Od júla 2025 môžu šoféri v ČR zaznamenať dopravnú nehodu elektronicky prostredníctvom webovej aplikácie "Bouračka". Novela zákona o cestnej premávke tak umožnila vznik moderného riešenia, ktoré zrýchľuje a spresňuje proces záznamu nehody, zvyšuje bezpečnosť na cestách a prispieva k rýchlejšiu vyrie...

Full description

Saved in:
Bibliographic Details
Main Author: Kovácsová, Kateřina
Format: Book Chapter
Language:Czech
Subjects:
Tags: Add Tag
No Tags, Be the first to tag this record!

MARC

LEADER 00000naa a2200000 4500
001 0312437
005 20250925091104.8
041 0 |a cze 
044 |a CZ 
245 1 0 |a Elektronický záznam nehody je realitou  |c Kateřina Kovácsová 
520 |a Od júla 2025 môžu šoféri v ČR zaznamenať dopravnú nehodu elektronicky prostredníctvom webovej aplikácie "Bouračka". Novela zákona o cestnej premávke tak umožnila vznik moderného riešenia, ktoré zrýchľuje a spresňuje proces záznamu nehody, zvyšuje bezpečnosť na cestách a prispieva k rýchlejšiu vyriešeniu poistnej udalosti. 
610 2 0 |a nehody dopravné 
610 2 0 |a udalosti poistné 
610 2 0 |a bezpečnosť dopravy 
610 2 0 |a aplikácie mobilné 
610 2 0 |a novelizácia 
610 2 0 |a technika audiovizuálna 
100 1 |a Kovácsová, Kateřina